The scriblers lash'd : By Allan Ramsay.

Bibliographic Details
Main Author: Ramsay, Allan, 1686-1758
Format: eBook
Language:English
Series:Eighteenth century collections online.
Online Access:Full text online

MARC

Tag First Indicator Second Indicator Subfields
LEADER 00000cam a2200000 4500
001 in00001907430
006 m | d |
007 cr |n||||||||n
008 791123s1718 stk|||| s 00||||eng d
005 20260406213807.3
035 |a (CStRLIN)ESTCT62908 
040 |a Uk-ES  |c Uk-ES  |d CStRLIN  |d Thomson Gale  |d UtOrBLW 
100 1 |a Ramsay, Allan,  |d 1686-1758. 
245 1 4 |a The scriblers lash'd :  |b By Allan Ramsay. 
264 3 |a Edinburgh :  |b printed anno dom,  |c 1718. 
300 |a 16p. ;  |c 8⁰. 
336 |a text  |b txt  |2 rdacontent 
337 |a computer  |b c  |2 rdamedia 
338 |a online resource  |b cr  |2 rdacarrier 
500 |a Reproduction of original from the British Library. 
510 4 |a Foxon,  |c R94 
510 4 |a Martin,  |c 14 
510 4 |a English Short Title Catalog,  |c ESTCT62908. 
533 |a Electronic reproduction.  |b Farmington Hills, Mich. :  |c Thomson Gale,  |d 2003.  |n Available via the World Wide Web.  |n Access limited by licensing agreements  |7 s2003 miunns 
500 |a Electronic resource. 
830 0 |a Eighteenth century collections online. 
856 4 0 |u http://proxy.library.tamu.edu/login?url=https://galenet.galegroup.com/servlet/ECCO?c=1&stp=Author&ste=11&af=BN&ae=T062908&tiPG=1&dd=0&dc=flc&docNum=CW111174403&vrsn=1.0&srchtp=a&d4=0.33&n=10&SU=0LRK&locID=txshracd2898  |z Full text online  |t 0 
999 |a MARS 
999 f f |s 51939832-a1a4-3b82-8391-b7c8ae8fc37f  |i 09129bef-444d-3a7d-b41f-087a126a51a5  |t 0 
952 f f |a Texas A&M University  |b College Station  |c Electronic Resources  |s www_evans  |d Available Online  |t 0  |h No information provided 
998 f f |t 0  |l Available Online